Les 10 pays d'Europe les moins peuplés - Statistiques

Statistiques générales
  • Ce quiz a été pris 192 fois
  • Le résultat moyen est 8 sur 10
Statistiques - réponses
Hint Réponse % Correct
~800 Vatican
98%
~77.000 Andorre
96%
~33.500 Saint marin
92%
~38.000 Monaco
91%
~38. 200 Liechtenstein
90%
~620.000 Luxembourg
90%
~520.000 Malte
80%
~360.000 Islande
64%
~622.000 Monténégro
55%
~37.000 Gibraltar
20%
Aucun quiz correspondant
Distribution des résultats
% des personnes avec chaque résultat
Percentile par nombre de réponses
Votre historique - résultats
Vous n’avez pas pris ce quiz